Munros statistical methods for health care research (Record no. 65005)
[ view plain ]
| 000 -LEADER | |
|---|---|
| fixed length control field | 00432nam a2200157Ia 4500 |
| 008 - FIXED-LENGTH DATA ELEMENTS--GENERAL INFORMATION | |
| fixed length control field | 251222s2013 xx 000 0 und d |
| 020 ## - INTERNATIONAL STANDARD BOOK NUMBER | |
| International Standard Book Number | 9789395736046 |
| 041 ## - LANGUAGE CODE | |
| Language code of text/sound track or separate title | eng |
| 082 ## - DEWEY DECIMAL CLASSIFICATION NUMBER | |
| Classification number | 519.KEL |
| 100 ## - MAIN ENTRY--PERSONAL NAME | |
| Personal name | Kellar, Stacey Plichta, and Kelvin, Elizabeth A. |
| 245 ## - TITLE STATEMENT | |
| Title | Munros statistical methods for health care research |
| 250 ## - EDITION STATEMENT | |
| Edition statement | 6th ed |
| 260 ## - PUBLICATION, DISTRIBUTION, ETC. | |
| Place of publication, distribution, etc. | New Delhi |
| Name of publisher, distributor, etc. | Wolters Kluwer |
| Date of publication, distribution, etc. | 2013 |
| 300 ## - PHYSICAL DESCRIPTION | |
| Extent | 563p |
| 650 ## - SUBJECT ADDED ENTRY--TOPICAL TERM | |
| Topical term or geographic name entry element | Research |
| Withdrawn status | Lost status | Damaged status | Not for loan | Home library | Current library | Shelving location | Date acquired | Source of acquisition | Cost, normal purchase price | Total Checkouts | Full call number | Barcode | Date last seen | Price effective from | Koha item type |
|---|---|---|---|---|---|---|---|---|---|---|---|---|---|---|---|
| College of Physiotheraphy | College of Physiotheraphy | R1S2 | 14/11/2025 | Vikas Publishers and Distributors | VPAD | 6400.00 | 519.KEL | PT2162 | 22/12/2025 | 22/12/2025 | Reference |
